000
00223nam a22000857a 4500
008
160915b xxu||||| |||| 00| 0 eng d
100
_9
506
_a
Kumar.H.etal
245
_a
Mega Computer V
260
_a
New Delhi
_b
P.P. Publications
_c
2007
999
_c
3163
_d
3163